000 00495nam a2200181Ia 4500
003 GCL
008 140319s9999 xx 000 0 ara d
040 _aGCL /
_cGCL
082 0 4 _a811.009
_bع ت
100 1 _aعبدالوهاب البياتى
245 1 0 _aتجربتى الشعرية /
_cعبدالوهاب البياتى
300 _a118 ص
490 _a
650 0 4 _aالشعر العربى
650 0 4 _aالادب العربى
650 0 4 _aتاريخ ونقد
942 _2ddc
_cBK
999 _c40633
_d40633